000 00605nam a2200157 i 4500
001 47752
003 ES-MaACL
005 20230906161626.0
007 t|
008 030522q19301939sp ||||1| spa d
100 1 _aBlanco Santamaría, Gregorio.
_929294
245 1 0 _aNociones de legislación social
_b: contestaciones a los programas de esta materia en el Concurso a las plazas de Auxiliares y Oficiales de la Oficina Municipal de colocación en Madrid /
_cpor G. Blanco Santamaría.
260 _aMadrid :
_b[s.n.,
_c193-?] (
_fImp. Castilla)
300 _a240 p. ;
_c19 cm.
852 _aES-MaACL
_jA-1996
999 _c47752
_d47752